000 00691nam a2200217Ii 4500
003 JO-AjNU
008 230605s9999||||xx |||||||||||||| ||und||
020 _a978-614-404-215-1
040 _aJO-AjNU
_bara
_erda
_cJO-AjNU
041 _aara
050 1 4 _aPJ7862.A357.M39 2011
100 3 _aالصفراني، محمد,
_eauthor
_957563
245 0 0 _aمواقيت الرمال
250 _aط1
264 3 1 _aبيروت: مؤسسة الانتشار العربي، 2011
300 _a103ص
336 _atext
_btxt
_2rdacontent
337 _aunmediated
_bn
_2rdamedia
338 _avolume
_bnc
_2rdacarrier
650 4 _aالشعر العربي-السعودية-قرن 14هجري
_957564
999 _aA25804
_c29372
_d29372